000 00518 a2200169 4500
005 20250415091834.0
020 _a0-07-229842-1
082 _a657. 044 SPI
100 _aSPICELAND, J. D.
245 _aIntermediate Accounting .
250 _a2nd Ed.
260 _aNew York,
_bMcgraw-Hill Higher Education,
_c2001.
300 _axxxii, 1098p.: Ill.;graphic
_bIndex
_c28cm.
700 _aSEPE, J.F.& TOMASSINI, L.A.
856 _yAccess Online Book
_fIntermediate Accounting
_dwww.mhhe.com/spiceland2e
942 _2ddc
_cBKS
999 _c1429
_d1429